000 00768 a2200205 4500
001 62731
005 20260407155920.0
008 260407a1986 arg spa d
003 AR-UNSa-BCEJYS
040 _aAR-UNSa-BCEJYS
_bspa
_cAR-UNSa-BCEJYS
080 _a35.08
_xPersonal administrativo. Funcionarios. plantilla. función pública. Teoría, organización
245 1 0 _aEl acceso del personal y la provisión de puestos de trabajo en la Administración del estado y de las comunidades autónomas
020 _a978-84-7351-201-5
264 1 _aMadrid :
_bInstituto Nacional de Administración Pública (INAP)
_c1986
300 _a240 p.
_c19 cm.
041 _aspa
942 _cBK
590 _aniveau_biblio:m niveau_hierar:0
100 1 _aEscuin Palop, Vicente M.
999 _c7773
_d7773